000 00982nas a2200349 4500
001 BR0806142
003 BR-BrBNA
005 20231205112109.0
007 ta
008 230509b bl.|||p| |||| 00| 00por d
040 _aBR-BrBNA
_bpor
_cBiblioteca Nacional de Agricultura
041 _a(En)
072 _aF01
100 1 _aMangan, F.X.
100 1 _aMendonça, R.U. de
100 1 _aMoreira, M.
100 1 _aNunes, S. D.V.
100 1 _aFinger, F.L.
100 1 _aBarros, Z. de J.
100 1 _aGalvão, H.
100 1 _aAlmeida, G.C.
100 1 _aSilva, R.A.
100 1 _aAnderson, M.D.
245 1 _aProduction and marketing of vegetables for the ethnic markets in the United States
650 _aTAIOBA
650 _aMAXIXE
650 _aJILÓ
650 _aABÓBORA
773 0 _tHorticultura Brasileira (Brazil)
_xISSN 0102-0536
_g(Jan-Mar 2008), v. 26(1) p. 6-14
_wBR0806142
909 _a202311
_bLúcia
_c55
_dLúcia Elande
942 _2AGRIS
_n0
_cANA
999 _c196075
_d196075